MARC

LEADER 00000nam2a2200000 4500
001 326061
005 20231102003826.0
035 |a (RuTPU)RU\TPU\book\351677 
035 |a RU\TPU\book\351639 
090 |a 326061 
100 |a 20161216d1981 k y0rusy50 ca 
101 0 |a rus 
102 |a UA 
105 |a a z 001zy 
200 0 |a Вып. 18  |f отв. ред. Н. С. Можаровский 
210 |d 1981 
215 |a 126 с.  |c ил. 
320 |a Библиогр. в конце ст. 
461 1 |0 (RuTPU)RU\TPU\book\153300  |t Машиностроение  |o [сборник статей]  |f Киевский политехнический институт (КПИ)  |v Вып. 18  |d 1964-1991  |s Вестник Киевского политехнического института 
606 1 |a Машиностроение  |2 stltpush  |3 (RuTPU)RU\TPU\subj\71949  |9 85607 
610 1 |a гидромеханизмы 
610 1 |a скорость 
610 1 |a дроссельное регулирование 
610 1 |a материалы 
610 1 |a алмазно-абразивная обработка 
610 1 |a финишные операции 
610 1 |a цилиндрические детали 
610 1 |a осадка 
610 1 |a контакты 
610 1 |a геометрия 
610 1 |a сталь 
610 1 |a сварные соединения 
610 1 |a электроды 
610 1 |a самолеты 
610 1 |a элероны 
610 1 |a управление 
610 1 |a пружинные автоматы 
610 1 |a сварка 
610 1 |a пористость 
610 1 |a подавление 
610 1 |a автономные электрогидроприводы 
610 1 |a нагрузки 
610 1 |a пластины 
610 1 |a оболочки 
610 1 |a колебания 
675 |a 621.002  |v 4 
702 1 |a Можаровский  |b Н. С.  |4 340 
801 1 |a RU  |b 63413507  |c 20140227 
801 2 |a RU  |b 63413507  |c 20171212  |g RCR 
942 |c BK